Fußball WM Gastgeberland? #4 - Statistiken

Allgemein
  • Dieses Quiz wurde 160 mal gespielt
  • Das Durchschnittsergebnis liegt bei 6 aus 8
Antwortstatistiken
Hint Antwort % Korrekt
Indonesien Nein
93%
Algerien Nein
89%
Irland Nein
88%
Kolumbien Nein
81%
Österreich Nein
76%
Kanada Ja
57%
Chile Ja
54%
Saudi-Arabien Ja
38%
Keine übereinstimmenden Quizze gefunden
Verteilung der Resultate
Anzahl Personen mit jedem Resultat
Perzentil nach korrekt beantworteten Fragen
Ihre Resultats-Entwicklung
Sie haben dieses Quiz noch nicht gespielt